MARC

LEADER 00000nam0a2200000 4500
001 357223
005 20231102010954.0
035 |a (RuTPU)RU\TPU\retro\14483 
090 |a 357223 
100 |a 20200803d1973 m y0rusy50 ca 
101 0 |a rus 
102 |a RU 
105 |a a j 001zy 
200 1 |a Основы конструирования точных механизмов  |e учебное пособие для вузов  |f Н. И. Галибей, Я. Г. Орлов, В. И. Усаков  |g Красноярский политехнический институт ; под ред. Н. И. Галибея 
210 |a Красноярск  |c Красноярский политехнический ин-т  |d 1973 
215 |a 144 с.  |c ил. 
320 |a Библиогр.: с. 119-120 
606 1 |a Точные механизмы  |x Конструкциия и расчет  |2 stltpush  |3 (RuTPU)RU\TPU\subj\61147  |9 78355 
606 1 |a Приборы  |x Конструкция и расчет  |2 stltpush  |3 (RuTPU)RU\TPU\subj\51621  |9 70194 
610 1 |a учебные пособия 
610 1 |a курсовое проектирование 
610 1 |a приводы 
610 1 |a полезное действие 
610 1 |a мощность 
610 1 |a электродвигатели 
610 1 |a зубчатые передачи 
610 1 |a расчет 
610 1 |a редукторы 
610 1 |a подшипники 
610 1 |a отсчетные устройства 
675 |a 681.1(075.8)  |v 4 
675 |a 681.2.001.6(075.8)  |v 4 
700 1 |a Галибей  |b Н. И. 
701 1 |a Орлов  |b Я. Г. 
701 1 |a Усаков  |b В. И. 
702 1 |a Галибей  |b Н. И.  |4 340 
712 0 2 |a Красноярский политехнический институт  |c (1956-1993)  |2 stltpush  |3 (RuTPU)RU\TPU\col\272  |9 23315 
801 1 |a RU  |b 63413507  |c 20200803 
801 2 |a RU  |b 63413507  |c 20210312  |g RCR 
942 |c BK